Quizzes
Events
Quiz Creation
Community
Videos
Private Events
Remove Ads
Sign In
Join for FREE
Feedback
Dark Mode
Quiz Categories
Sports
Geography
Music
Movies
Television
Just For Fun
Miscellaneous
History
Literature
Language
Science
Gaming
Entertainment
Religion
Holiday
For Kids
Quiz Lab
Recent
Popular Today
Quiz Kudos Today
Editor Picks
Curator Picks
Quizzes by...
Day
Popularity
Type
Ratings
Length
Year
Community
Subscriptions
Recent Discussions
Orange Saloon
Badges
Playlists
Quests
Create
Leaderboards
Showdown
Live 5
Trivia Bingo
Activity
Puzzle Library
Sporcle Events
Private Events
Virtual Trivia
Globe League
Become a Host
Pub Owners
SporcleCon
Opinionation
Our Games
Videos
Blog
Mobile Apps
Partnerships
Remove Ads and Go Orange
Feedback
Literature
Harry Potter
A Song of Ice and Fire
The Hunger Games
Literary Character
Shakespeare
Book
Author
Novel
Poem
Young Adult
Children's Books
Play
Lord of the Rings
Literature
Harry Potter
A Song of Ice and Fire
The Hunger Games
Literary Character
Shakespeare
Book
Author
Novel
Poem
Young Adult
Children's Books
Play
Lord of the Rings
Random Quiz
Search Sporcle
×
Quiz Lab
Quiz Lab
Literature
Giver
Type in answers that appear in a list
Type in answers that appear in a list
Classic
Best Score? Go Orange.
Harry Potter Gifts Stats
Can you name the harry potter gifts?
By
chelseah
13m
71 Questions
339 Plays
339 Plays
339 Plays
Comments
Comments
Give Quiz Kudos
Give Quiz Kudos
-
- Ratings
hide this ad
More Info
Replay
Link that replays current quiz
Next Quiz
Link to next quiz in quiz playlist
You Got
0%
They Got
Avg Score
28%
Avg Friend Score
Upgrade to see
Score Distribution
Jump to the score distribution portion of the page
Score
0/71
Timer
13:00
0
Plays Today
Giver
Gift
% Correct
Rubeus Hagrid
Birthday Cake
75.2%
Sirius Black
Firebolt
70.8%
Molly Weasley (all christmas presents-
-
the hand knitted ones)
Sweater
69.9%
Rubeus Hagrid
Hedwig
69.3%
Albus Dumbledore
Invisibility Cloak
64.3%
Minerva Mcgonagall
Nimbus 2000
62.8%
Ron Weasley
Pair of Violet Socks
57.5%
Harry Potter
Novelty Socks
56.9%
Dobby
Socks
56.9%
Sirius Black (not exactly a present but was given by Sirius)
Two way mirror
48.1%
Albus Dumbledore (not Gryffindor's sword
First Golden Snitch he caught
45.7%
Lucius Malfoy
Nimbus 2001
43.4%
Molly and Arthur Weasley (17th birthday gift)
Golden Watch
43.1%
Sirius Black (when he died)
Kreacher
42.8%
Albus Dumbledore
Deluminator
38.9%
Sirius Black
Toy broomstick
38.1%
Vernon and Petunia Dursley
Fifty-pence piece
35.7%
Augusta Longbottom
Remembrall
35.4%
Rubeus Hagrid
Wooden Flute
34.8%
Hermione Granger
Large box of chocolate frogs
34.5%
Albus Dumbledore (okay, a clue: it is a book, i require the title)
Tales of Beedle the Bard
33.9%
Vernon and Petunia Dursley
Single tissue
33%
Rubeus Hagrid
Mokeskin Pouch
32.4%
Fred and George Weasley
Brand new midnight blue witch's hat
31.6%
Kreacher
Maggots
31.3%
Ron Weasley
Sneakoscope
30.4%
Ginny Weasley (Ginny 'gave' this to Harry so he will not forget her)
Kiss
30.4%
Fred and George Weasley
Marauders' Map
30.1%
Rubeus Hagrid
Monster Book of Monsters
29.2%
Sirius Black
Enchanted Knife
29.2%
Rubeus Hagrid
Photo Album
29.2%
Hermione Granger
Box of Bertie Bott's every flavor beans
28.3%
Ron Weasley
Enormous box of Bertie Bott's Every Flavor Beans
28.3%
Unknown
Racing Bicycle
28.3%
Romilda Vane (okay, it is a love potion, but i require the sweet)
Box of Chocolate Cauldrons
28%
Vernon and Petunia Dursley
Toothpick
27.4%
Giver
Gift
% Correct
Unknown
New Computer
27.1%
Sirius Black (when he died)
Buckbeak
26.8%
Lavender Brown (okay, a clue: it is a necklace, i require the words written)
My Sweetheart
26.5%
Harry Potter (given to him by Sirius)
Buckbeak
26%
Hermione Granger
Homework Planner
25.1%
Ron Weasley (okay, a clue: it is a book, i require the title)
Flying with the Cannons
24.8%
Sirius Black (when he died)
Number Twelve, Grimmauld Place
24.2%
Rubeus Hagrid
Large tin of treacle fudge
23%
Algie Longbottom (okay, a clue: it is a plant, i require the specific kind)
Mimbulus Mimbletonia
22.7%
Unknown
Television
22.7%
Hermione Granger
Broomstick Servicing Kit
22.1%
Hermione Granger
Patchwork Quilt
20.9%
Fred and George Weasley
Spectacular Golden Necklace
20.9%
Harry Potter
Omnioculars
20.9%
Bill and Fleur Weasley
Enchanted Razor
19.5%
Ron Weasley
Perfume
19.2%
Fred and George Weasley
Large box of Weasleys' Wizard Wheezes
15.6%
Ron Weasley (okay, a clue: it is a book, i require the title)
Twelve Fail-Safe Ways to Charm Witches
15.3%
Rubeus Hagrid
Furry Brown Wallet with fangs
15%
Fred and George Weasley
Weasleys' Wizard Wheezes
15%
Ron Weasley
Bulging bag of Dungbombs
13.3%
Dobby
Truly dreadful painting of Harry Potter
13%
Nymphadora Tonks
Small Working Model of Firebolt
12.1%
Hermione Granger
Luxury eagle-feather quill
11.8%
Rubeus Hagrid
Vast box of sweets
11.5%
Harry Potter
Broom Compass
10.9%
Harry Potter (okay, a clue: it is a book, i require the title)
New Theory of Numerology
8.8%
Harry Potter (i require the exact gift, with the brand or kind)
Chudley Cannon Hat
8.3%
Harry Potter (i need the two items because they are like partners)
Fuse Wires and Screwdrivers
8%
Unknown
16 new computer games
6.8%
Unknown
VCR
5.9%
Sirius Black and Remus Lupin (okay, a clue: it is a book, i require the title)
Practical Defensive Magic and its Use Against the Dark Arts
5.6%
Unknown
Videocamera
4.1%
Unknown
Remote Control Airplane
3.2%
Hermione Granger (okay, a clue: it is a book, i require the title)
Quidditch Teams of Briitain and Ireland
2.9%
Quiz Playlist
Details
Report
Send in Message
Add To Playlist
More Info:
Type a possession given by someone to the other one.
Classic:
Type in answers that appear in a list
Last Updated: Feb 16, 2017
Quiz Scoreboard
CHALLENGE
Sign Up to Join the Scoreboard
Show All
Scores
Hide
Comments
May contain spoilers
Recently Published
Presidents Visiting Landmarks
by Hejman
History
7m
An Introduction to Baseball
by treessimontrees
Sports
5m
Movies - When Are They Set?
by FPL_Elf
Movies
5m
More to Explore
Quiz From the Vault
Featured Blog Post
Where Did the Easter Bunny Come From?
hide this ad
You Might Also Like...
Tags
gift
Giver
Receiver
Today's Top Quizzes in Literature
Browse Literature
hide this ad
Top Contributed Quizzes in Literature
1
Sneaky Slytherin Logic Puzzle
2
Get The Picture: Black or White Literature
3
A Court of Thorns and Roses (ACoTaR) Logic Puzzle
4
One Thing in Common: Literature
5
5-to-1: Plays
6
Harry Potter Neighbourly Logic Puzzle #5
7
One Thing in Common: Literature 3
8
One Thing in Common: Literature II
9
One Thing in Common: Books
10
Harry Potter Neighbourly Logic Puzzle #3
Explore More
Trending Topics
Kpop
NBA
Crossword
Marvel
Disney
Anime
Harry Potter
Pokémon
Soccer
Puzzle
The Office
NFL
Country
WWE
Song
hide this ad
More By:
chelseah
Quiz
Plays
Rating
Category
Featured
Created
Harry Potter Domino Effect
2,756
2.88
Literature
Nov 16, 2010
Hermione Jean Granger
1,075
3.75
Literature
Mar 29, 2011
Brain Conundrum
1,035
3.20
Miscellaneous
Mar 19, 2012
Harry Potter Ultimate Quiz
1,035
2.54
Literature
Oct 8, 2010
Greek Mythology Quiz
970
3.38
Just For Fun
Oct 23, 2010
Go to Creator's Profile
Score Distribution
Quiz Creator Spotlight
chelseah
Follow
Send a Message
Quizzes Created
-
Created Quiz Play Count
-
More By This Creator
Popular Quizzes Today
1
Find the US States - No Outlines Minefield
2
Find the Countries of Europe - No Outlines Minefield
3
The Countries of the World
4
Find the US States
5
Popular People in 1961
6
US States
7
Risky Map Clicking: Biggest States A-Z
8
1-10 Letter E Words III
More Literature Quizzes
Harry Potter: Backwards Venn X
Quiz Lab
Trending Quizzes
Risky Map Clicking: Least Populous States A-Z
1-10 Letter G Words
1-10 Letter F Words
One Thing in Common: United Kingdom
Risky Map Clicking: Next State Alphabetically
Recently Updated
Leaping Animals
pecheneg
Reality TV Shows (A-Z)
bhenderson79
Rickey Henderson's Hall of Fame Teammates
pecheneg
Champions League XIs: Arsenal
pecheneg
Quick Pick: Celebrities in WWE's Hall of Fame
aduchscher
A-Z Keypad Blitz II
pecheneg
Multiple Oscar Actors
pecheneg
Mystery Phrase Blitz: Oscar 'Best Actors'
pecheneg
F. Scott Fitzgerald Novels
LTH
Pick 3 Villains
ddd62291
Trending Topics
Kpop
Anime
Disney
Marvel
NBA
Harry Potter
Crossword
The Office
Song
Country
Pokémon
Puzzle
Soccer
NFL
WWE
Your Account Isn't Verified!
In order to create a playlist on Sporcle, you need to verify the email address you used during registration. Go to your
Sporcle Settings
to finish the process.
Report this User
Report this user for behavior that violates our
Community Guidelines
.
Details:
Send Report
Go to the Sporcle.com Mobile Site →
Comments